00382nam a2200145Ia 450000100060000000800410000602000180004704000130006508200200007810000160009824500580011426000460017230000110021854600070022967398150604s9999 xx 000 0 und d a9789694963310 cPK-LaUMT a 954.0317bAMR- aMubarik Ali aAmroz (Urdu)bjang-e-azadi (1857) numbercMubarik Ali aLahore,Pakistan:bDogar Publishers,c2009 a216 p. aUR